00327pab a2200133 454500008004000000100002500040245003500065260000900100300001300109362001100122650001600133650001000149773003400159180718b2002 xxu||||| |||| 00| 0 eng d aEngineer, Asghar Ali aCommunal riots: review of 2001 c2002 ap.100-04 a12 Jan aCommunalism aRiots aEconomic and Political Weekly